Principios de la felicidad organizacional: (Registro nro. 29082)
[ vista simple ]
| 000 -LÍDER | |
|---|---|
| fixed length control field | 00780nam a22002177a 4500 |
| 003 - IDENTIFICADOR DEL NÚMERO DE CONTROL | |
| control field | ITZ |
| 005 - FECHA Y HORA DE LA ULTIMA TRANSACCIÓN | |
| Campo de control | 20230626111659.0 |
| 008 - ELEMENTOS DE LONGITUD FIJA -- INFORMACIÓN GENERAL | |
| fixed length control field | 230626b |||||||| |||| 00| 0 spa d |
| 020 ## - NÚMERO INTERNACIONAL NORMALIZADO PARA LIBROS | |
| ISBN | 978-607-00-7882-8 |
| 035 ## - Número de ficha (Janium) | |
| Número de ficha (Janium) | 17456 |
| 041 ## - CÓDIGO DE IDIOMA | |
| Código de idioma para texto/pista de sonido o título separado | spa |
| 050 ## - SIGNATURA TOPOGRAFICA DE LA BIBLIOTECA DEL CONGRESO (LC) | |
| Número de Clasificación | HF5548.8 |
| Cutter | G87 2013 |
| 082 ## - NUMERO DE CLASIFICACION DECIMAL DEWEY | |
| Número de Clasificación | 658.406 |
| Cutter | G983p 2013 |
| 100 1# - ASIENTO PRINCIPAL--NOMBRE PERSONAL | |
| Nombre personal | Gutiérrez Torres, Víctor Manuel |
| 245 ## - TÍTULO | |
| Título | Principios de la felicidad organizacional: |
| Parte restante del título | El bienser, una revolucionaria metodología para reinterpretar la felicidad. / |
| Mención de responsabilidad, etc. | Víctor Manuel Gutiérrez Torres. |
| 250 ## - MENCIÓN DE EDICIÓN | |
| Mención de edición | 1 |
| 260 ## - PUBLICACIÓN, DISTRIBUCIÓN, ETC. (PIE DE IMPRENTA) | |
| Lugar de publicación, distribución, etc. | México: |
| Nombre del editor, distribuidor, etc. | Granica, |
| Fecha de publicación, distribución, etc. | 2013. |
| 300 ## - DESCRIPCIÓN FÍSICA | |
| Extensión | 282 p. / |
| Dimensiones | 22 cm. |
| 650 ## - ASIENTO SECUNDARIO DE MATERIA - TERMINO TEMÁTICO | |
| Término temático o nombre geográfico como elemento de entrada | 1. PSICOLOGÍA INDUSTRIAL. / 2. CAMBIO ORGANIZACIONAL. / 3. EFECTIVIDAD ORGANIZACIONAL. / 4. AUTORREALIZACIÓN (PSICOLOGÍA) |
| 942 ## - TIPO DE MATERIAL (KOHA) | |
| Koha item type | Libros |
| No. biblioteca | No. biblioteca | Número de clasificación | Código de barras/Número de adquisición | Número de copia | Tipo de material | Otras carreras |
|---|---|---|---|---|---|---|
| AREA DE ADMINISTRACIÓN | INGENIERÍA EN ADMINISTRACIÓN | 658.406 G983p 2013 | 54008 | 1 | Libros | LUIS G. INCLAN |
